000
00352nam a22001217a 4500
082
_a
339.46 SAN
100
_a
Wang Sangui
245
_a
Poverty alleviation in contemporary china
_c
Wang Sangui (editor)
260
_a
Beijing
_b
China Renmin University Press
300
_a
298p
942
_2
ddc
_c
BK
999
_c
587857
_d
587857